00710nam a2200217 a 450000100060000000300080000600500170001400800410003103500190007204000270009104100080011808200230012610000210014924500700017026000470024030000340028749000490032150000190037065100530038983000500044240804BD-RjUL20211209053300.0160510s1964 maub 001 0 eng  a(BD-RjUL)40919 aDLCcDLCdBD-RjULbeng aeng a320.9914bGRP 19641 aGrossholtz, Jean10aPolitics in the Philippines :ba country study /cJean Grossholtz aBoston :bLittle Brown and Company,cc1964 axvi, 293 p. :bill. ;c20 cm.1 aLittle, Brown series in comparative politics aIncludes index 0aPhilippinesxPolitics and governmenty1946-1973. 0aLittle, Brown series in comparative politics.